[Event "Novi Sad op-A"]
[Site "Novi Sad"]
[Date "2008.04.11"]
[Round "8"]
[White "Tesic, Dragan"]
[Black "Gojkovic, Petar"]
[Result "0-1"]
[WhiteElo "2417"]
[BlackElo "2354"]
[PlyCount "45"]
[EventDate "2008.04.06"]
[EventType "swiss"]
[EventRounds "9"]
[EventCountry "YUG"]
[SourceTitle "CBM 123 Extra"]
[Source "ChessBase"]
[SourceDate "2008.05.06"]
[SourceVersion "1"]
[SourceVersionDate "2008.05.06"]
[SourceQuality "1"]

1. d4 Nf6 2. c4 g6 3. Nc3 d5 4. cxd5 Nxd5 5. e4 Nxc3 6. bxc3 Bg7 7. Nf3 c5 8. Rb1 0-0 9. Be2 b6 10. 0-0 Bb7 11. d5 Bxc3 12. Qb3 Bg7 13. Bf4 Qc8 14. Rfe1 Ba6 15. e5 Bxe2 16. Rxe2 e6 17. Ng5 h6 18. Ne4 exd5 19. Qxd5 Nc6 20. Nd6 Qd7 21. Rd1 Nd4 22. Re3 Rad8 23. Rh3 0-1

[Event "Novi Sad op-A"]
[Site "Novi Sad"]
[Date "2008.04.09"]
[Round "4"]
[White "Gojkovic, Petar"]
[Black "Ljubisavljevic, Zivojin Z"]
[Result "1-0"]
[WhiteElo "2354"]
[BlackElo "2267"]
[PlyCount "51"]
[EventDate "2008.04.06"]
[EventType "swiss"]
[EventRounds "9"]
[EventCountry "YUG"]
[SourceTitle "CBM 123 Extra"]
[Source "ChessBase"]
[SourceDate "2008.05.06"]
[SourceVersion "1"]
[SourceVersionDate "2008.05.06"]
[SourceQuality "1"]

1. e4 Nc6 2. d4 d5 3. Nc3 Nf6 4. e5 Ne4 5. Nxe4 dxe4 6. c3 f5 7. f3 exf3 8. Nxf3 e6 9. b4 Be7 10. Bc4 0-0 11. Qb3 Qd7 12. 0-0 Nd8 13. a4 c6 14. a5 Nf7 15. Ne1 a6 16. Nd3 g5 17. Ra2 Nh8 18. h4 h6 19. Raf2 Kg7 20. g4 fxg4 21. Rxf8 Bxf8 22. Qd1 h5 23. Bxg5 Be7 24. Bf6+ Bxf6 25. Rxf6 Ng6 26. Qc1 1-0

[Event "Novi Sad op-A"]
[Site "Novi Sad"]
[Date "2008.04.08"]
[Round "3"]
[White "Perisic, Radivoj"]
[Black "Gojkovic, Petar"]
[Result "0-1"]
[WhiteElo "2314"]
[BlackElo "2354"]
[PlyCount "62"]
[EventDate "2008.04.06"]
[EventType "swiss"]
[EventRounds "9"]
[EventCountry "YUG"]
[SourceTitle "CBM 123 Extra"]
[Source "ChessBase"]
[SourceDate "2008.05.06"]
[SourceVersion "1"]
[SourceVersionDate "2008.05.06"]
[SourceQuality "1"]

1. e4 c5 2. Nf3 d6 3. d4 cxd4 4. Nxd4 Nf6 5. Nc3 g6 6. Be3 Bg7 7. f3 Nc6 8. Qd2 0-0 9. g4 e5 10. Nde2 Be6 11. 0-0-0 Qa5 12. Kb1 Rfc8 13. Nc1 Nd4 14. Be2 Rc5 15. h4 Rac8 16. h5 Bxg4 17. hxg6 hxg6 18. Bxd4 exd4 19. Nd5 Nxd5 20. Qxa5 Rxa5 21. fxg4 Ne3 22. Rd2 Rac5 23. Bd1 Nxd1 24. Rhxd1 Re8 25. Nb3 Rg5 26. Nxd4 Bxd4 27. Rxd4 Rxg4 28. Rxd6 Rgxe4 29. b3 Re1 30. Kb2 Rxd1 31. Rxd1 Re7 0-1

[Event "YUG-chT"]
[Site "Vrnjacka Banja"]
[Date "1996.??.??"]
[Round "?"]
[White "Djoric, Dusan"]
[Black "Gojkovic, Petar"]
[Result "1-0"]
[WhiteElo "2355"]
[BlackElo "2340"]
[PlyCount "71"]
[EventDate "1996.??.??"]
[EventType "team"]
[EventRounds "11"]
[EventCountry "YUG"]
[SourceTitle "EXT 2000"]
[Source "ChessBase"]
[SourceDate "1999.11.16"]
[SourceVersion "1"]
[SourceVersionDate "1999.11.16"]
[SourceQuality "1"]

1. e4 c5 2. Nf3 d6 3. d4 cxd4 4. Nxd4 Nf6 5. Nc3 g6 6. g3 Nc6 7. Bg2 Nxd4 8. Qxd4 Bg7 9. 0-0 0-0 10. Qd3 Be6 11. Nd5 Nxd5 12. exd5 Bf5 13. Qe2 Bf6 14. c3 Qd7 15. Re1 b5 16. a3 a5 17. Be3 Rfb8 18. Qd2 b4 19. axb4 axb4 20. Rxa8 Rxa8 21. cxb4 Qa4 22. Bf1 Qb3 23. Bd4 Ra2 24. Bxf6 exf6 25. Qh6 Ra8 26. Qf4 Qxb2 27. Qxd6 Qd2 28. Qe7 Ra2 29. Re2 Qxd5 30. Rxa2 Qxa2 31. Qxf6 Qb1 32. Qd8+ Kg7 33. Qd4+ f6 34. g4 Qe4 35. Qxe4 Bxe4 36. b5 1-0

[Event "YUG-chT"]
[Site "Vrnjacka Banja"]
[Date "1996.??.??"]
[Round "?"]
[White "Gojkovic, Petar"]
[Black "Nestorovic, Dejan"]
[Result "1/2-1/2"]
[WhiteElo "2340"]
[BlackElo "2310"]
[PlyCount "99"]
[EventDate "1996.??.??"]
[EventType "team"]
[EventRounds "11"]
[EventCountry "YUG"]
[SourceTitle "EXT 2000"]
[Source "ChessBase"]
[SourceDate "1999.11.16"]
[SourceVersion "1"]
[SourceVersionDate "1999.11.16"]
[SourceQuality "1"]

1. e4 c5 2. Nf3 e6 3. d4 cxd4 4. Nxd4 Bc5 5. Nb3 Bb6 6. Nc3 Ne7 7. Bd3 0-0 8. Qh5 f5 9. f4 Nbc6 10. a3 d5 11. e5 a6 12. Bd2 Bd7 13. 0-0-0 Rc8 14. Kb1 Na5 15. g4 Be8 16. Qh4 Nc4 17. Ne2 Nxd2+ 18. Rxd2 Bg6 19. Nbd4 Qd7 20. gxf5 Nxf5 21. Nxf5 Bxf5 22. Bxf5 Rxf5 23. Ng3 Rf7 24. Nh5 Kh8 25. Rhd1 g6 26. Nf6 Bd8 27. Qg4 Bxf6 28. exf6 Rc6 29. h4 Qd8 30. h5 Qxf6 31. hxg6 Qxg6 32. Qh3 Qf5 33. Qg2 Rg7 34. Qh2 Rc4 35. Rf2 Rg4 36. Rdf1 b5 37. Ka2 a5 38. Qh6 b4 39. a4 Rc8 40. Re1 Rg6 41. Qh2 Rf8 42. Qh4 Rff6 43. Re5 Qg4 44. Qxg4 Rxg4 45. f5 Re4 46. fxe6 Rxe5 47. Rxf6 h5 48. e7 Rxe7 49. Ra6 h4 50. Rxa5 1/2-1/2

[Event "YUG-Cup 36th"]
[Site "Becici"]
[Date "1993.05.20"]
[Round "4"]
[White "Gojkovic, Petar"]
[Black "Nikolic, Boban"]
[Result "1/2-1/2"]
[WhiteElo "2335"]
[BlackElo "2325"]
[PlyCount "24"]
[EventDate "1993.??.??"]
[EventType "team"]
[EventRounds "6"]
[EventCountry "YUG"]
[SourceTitle "EXT 2000"]
[Source "ChessBase"]
[SourceDate "1999.11.16"]
[SourceVersion "1"]
[SourceVersionDate "1999.11.16"]
[SourceQuality "1"]
[WhiteTeam "Subotica Spartak"]
[BlackTeam "Progres/Pirot"]
[WhiteTeamCountry "YUG"]
[BlackTeamCountry "YUG"]

1. e4 e5 2. Nf3 Nc6 3. Bb5 a6 4. Ba4 Nf6 5. 0-0 Be7 6. Re1 b5 7. Bb3 d6 8. c3 0-0 9. h3 Be6 10. d4 Bxb3 11. axb3 exd4 12. cxd4 Nb4 1/2-1/2

[Event "YUG-chT FL"]
[Site "Arandjelovac"]
[Date "1990.??.??"]
[Round "9"]
[White "Gojkovic, Petar"]
[Black "Nikac, Predrag"]
[Result "0-1"]
[WhiteElo "2325"]
[BlackElo "2230"]
[PlyCount "88"]
[EventDate "1990.??.??"]
[EventType "team"]
[EventRounds "11"]
[EventCountry "YUG"]
[SourceTitle "EXT 1997"]
[Source "ChessBase"]
[SourceDate "1996.11.15"]
[SourceVersion "1"]
[SourceVersionDate "1996.11.15"]
[SourceQuality "1"]

1. e4 e5 2. Nf3 Nc6 3. Bb5 a6 4. Ba4 Nf6 5. 0-0 Nxe4 6. d4 Be7 7. Qe2 f5 8. d5 Na5 9. c4 Nxc4 10. Bc2 b5 11. b3 Nb6 12. Nxe5 0-0 13. Bb2 Bf6 14. Nd2 Qe8 15. f4 Nxd2 16. Qxd2 d6 17. Rae1 dxe5 18. fxe5 Bd8 19. Qd4 Bb7 20. Bxf5 Bxd5 21. Re3 Rxf5 22. Rxf5 Qg6 23. Rf2 Be7 24. Rg3 Qe6 25. h4 c5 26. Qd2 Bxh4 27. Rf6 Bxf6 28. exf6 Re8 29. Rxg7+ Kf8 30. Kf2 Qf5+ 31. Kg1 Qe4 32. Kf2 Qh4+ 33. Rg3 Re4 34. Qd3 Nd7 35. f7 Bxf7 36. Qd2 Qf4+ 37. Qxf4 Rxf4+ 38. Ke3 Rf5 39. Rg7 h5 40. Rh7 Nf6 41. Rh8+ Ke7 42. Ra8 Nd5+ 43. Ke2 Nc7 44. Rh8 c4 0-1